Promoting population health and equity in Europe: from evidence to policy

Gespeichert in:
Bibliographische Detailangaben
Weitere Verfasser: Santana, Paula
Format: Buch
Sprache:Englisch
Veröffentlicht: Coimbra Imprensa da Universidade de Coimbra 2017
Ausgabe:1st ed.
Schlagworte:
Tags: Tag hinzufügen
Keine Tags, Fügen Sie das erste Tag hinzu!

MARC

LEADER 00000nlm a2200000 4500
001 0238937
005 20240827084342.4
020 |a 978-989-20-8021-5 
020 |a 978-989-26-1500-4 
041 0 |a eng 
044 |a PT 
245 1 0 |a Promoting population health and equity in Europe: from evidence to policy  |c Paula Santana (coord.) 
250 |a 1st ed. 
264 1 |a Coimbra  |b Imprensa da Universidade de Coimbra  |c 2017 
300 |a online [102 s.] 
610 2 0 |a zdravie 
610 2 0 |a zdravotníctvo verejné 
610 2 0 |a starostlivosť zdravotná 
610 2 0 |a blahobyt 
610 2 0 |a politika zdravotná 
610 2 0 |a úmrtnosť 
610 2 0 |a indexy 
610 2 0 |a Európa 
610 2 0 |a Európska únia 
700 1 |a Santana, Paula